ბათუმის შოთა რუსთაველის სახელმწიფო უნივერსიტეტის ბიბლიოთეკა

მეფუტკრეობის ტერმინოლოგია.Терминология по пчеловодству. (ბიბ.ჩანაწერი № 45546)

000 -LEADER
fixed length control field 00833nam a2200205Ia 4500
001 - CONTROL NUMBER
control field 12371
003 - CONTROL NUMBER IDENTIFIER
control field GE_BSU
008 - FIXED-LENGTH DATA ELEMENTS--GENERAL INFORMATION
fixed length control field 181216s||||||||xx |||||||||||||| ||und||
040 ## - CATALOGING SOURCE
Transcribing agency GE_BSU
080 ## - UNIVERSAL DECIMAL CLASSIFICATION NUMBER
Universal Decimal Classification number 638.1(038)+81'374.26:638.1=353.1=161.1
100 ## - MAIN ENTRY--PERSONAL NAME
Personal name მაყაშვილი,ზურაბ.
245 ## - TITLE STATEMENT
Title მეფუტკრეობის ტერმინოლოგია.Терминология по пчеловодству.
245 ## - TITLE STATEMENT
Statement of responsibility, etc. რედ:რ.ღამბაშიძე; რ.ზავრაშვილი
260 ## - PUBLICATION, DISTRIBUTION, ETC.
Place of publication, distribution, etc. თბილისი.
260 ## - PUBLICATION, DISTRIBUTION, ETC.
Name of publisher, distributor, etc. მეცნიერება.
260 ## - PUBLICATION, DISTRIBUTION, ETC.
Date of publication, distribution, etc. 1972
300 ## - PHYSICAL DESCRIPTION
Extent 421გვ;22სმ.
653 ## - INDEX TERM--UNCONTROLLED
Uncontrolled term მეფუტკრეობის ტერმინოლოგია.Терминология по пчеловодству.
942 ## - ADDED ENTRY ELEMENTS (KOHA)
Koha item type წიგნი
ეგზემპლარები
Withdrawn status Lost status Damaged status Not for loan Date acquired Barcode Date last seen Price effective from Koha item type
        2018-12-17 20613 2018-12-17 2018-12-17 წიგნი
        2018-12-17 20614 2018-12-17 2018-12-17 წიგნი
        2018-12-17 20615 2018-12-17 2018-12-17 წიგნი
        2018-12-17 20616 2018-12-17 2018-12-17 წიგნი
        2018-12-17 20617 2018-12-17 2018-12-17 წიგნი
        2018-12-17 20618 2018-12-17 2018-12-17 წიგნი
        2018-12-17 20619 2018-12-17 2018-12-17 წიგნი
        2018-12-17 20620 2018-12-17 2018-12-17 წიგნი
        2018-12-17 20621 2018-12-17 2018-12-17 წიგნი
        2018-12-17 20622 2018-12-17 2018-12-17 წიგნი
        2018-12-17 20623 2018-12-17 2018-12-17 წიგნი